| 000 | 00847nam a22001817a 4500 | ||
|---|---|---|---|
| 999 |
_c60796 _d60796 |
||
| 005 | 20231023170250.0 | ||
| 008 | 231023s1990 ru ||||| |||| 00| 0 rus d | ||
| 041 | _arus | ||
| 080 | _a930.85(37+38) K-90 | ||
| 100 |
_aКуманецкий, Казимеж _920190 |
||
| 245 |
_aИстория культуры Древней Греции и Рима / _cПеревод с польского В.К. Ронина ; Редактор Н.Н. Матвеева ; Художник Э.А. Марков. |
||
| 264 |
_aМосква : _bВысшая школа, _c1990. |
||
| 300 |
_a350 стр.: _bил.; _c22 см. |
||
| 653 | _aძველბერძნული კულტურა | ||
| 700 |
_aРонин, В.К. _eმთარგმნელი _920191 |
||
| 700 |
_aМатвеева, Н.Н. _eრედაქტორი _920192 |
||
| 942 |
_2udc _cBK |
||